[Event "AUTO-MASTER-392"]
[Site "http://www.queenalice.com/game.php?id=389830"]
[Date "2008.4.18"]
[Round "2"]
[White "Pershemia"]
[Black "ChessXtreme"]
[Result "1-0"]
[WhiteElo "2143"]
[BlackElo "2309"]

1. d4 d5 2. Nc3 Nf6 3. Bg5 Nbd7 4. f3 c5 5. e4 cxd4 6. Bxf6 Nxf6 7. Qxd4 dxe4 8.
Bb5+ Bd7 9. O-O-O Bxb5 10. Nxb5 Qxd4 11. Rxd4 Rc8 12. Nxa7 Rd8 13. Rxd8+ Kxd8
14. Nh3 exf3 15. gxf3 e6 16. Rd1+ Ke8 17. Rd3 Bc5 18. Rc3 Nd7 19. b4 Bb6 20.
Rc8+ Bd8 21. a4 Nb6 22. Rb8 Nc4 23. Nb5 b6 24. Rc8 Ne3 25. Ra8 Nc4 26. Ng5 Rg8
27. Rc8 Kd7 28. Rxc4 Bxg5+ 29. Kb1 Rd8 30. Rc7+ Ke8 31. h3 Rd1+ 32. Kb2 Bd8 33.
Ra7 Rd7 34. Ra8 Ke7 35. a5 bxa5 36. bxa5 Rd5 37. c4 Rd2+ 38. Kc3 Rf2 39. Kb4
Rxf3 40. a6 Bb6 41. a7 1-0

[Event "AUTO-MASTER-392"]
[Site "http://www.queenalice.com/game.php?id=389833"]
[Date "2008.4.18"]
[Round "2"]
[White "Pershemia"]
[Black "dkfuji"]
[Result "1-0"]
[WhiteElo "2171"]
[BlackElo "2127"]

1. d4 d5 2. c4 e6 3. Nf3 Nf6 4. e3 Nc6 5. Nc3 Be7 6. Bd3 O-O 7. e4 dxe4 8. Nxe4
Nxd4 9. O-O Nxe4 10. Bxe4 c5 11. Nxd4 cxd4 12. Bf4 f5 13. Bb1 Qb6 14. Qe2 Bd7
15. Be5 Bf6 16. Bd3 Rad8 17. Rfe1 Bc6 18. Qd2 Qc5 19. b4 Qe7 20. b5 Be8 21. a4
Bh5 22. a5 Rf7 23. b6 a6 24. Bf4 Rdf8 25. c5 e5 26. Bxe5 Bxe5 27. f4 Bxf4 28.
Qxf4 Qxc5 29. Rec1 Qd5 30. Rc7 Rxc7 31. bxc7 Bg6 32. Rc1 Qd7 33. h4 h5 34. Qg5
Bh7 35. Re1 Qc6 36. Re2 Kh8 37. Qd8 Qc1+ 38. Kh2 Bg8 39. Rc2 Qf4+ 40. g3 Qxc7
41. Qxc7 Bb3 42. Rb2 Be6 43. Rxb7 1-0

[Event "AUTO-MASTER-392"]
[Site "http://www.queenalice.com/game.php?id=389834"]
[Date "2008.4.18"]
[Round "2"]
[White "dkfuji"]
[Black "Pershemia"]
[Result "0-1"]
[WhiteElo "2138"]
[BlackElo "2160"]

1. e4 c5 2. Nf3 d6 3. d4 cxd4 4. Qxd4 Nc6 5. Bb5 Bd7 6. Qd3 a6 7. Bxc6 Bxc6 8.
Nc3 e6 9. O-O Nf6 10. Nd4 Be7 11. Nxc6 bxc6 12. Qg3 O-O 13. e5 dxe5 14. Bh6 Ne8
15. Rad1 Qc7 16. Rd3 f5 17. Bc1 Nf6 18. Bg5 Nh5 19. Qh4 Bxg5 20. Qxh5 e4 21. Rh3
h6 22. Qe2 Qb6 23. Kh1 Rad8 24. f4 Bf6 25. b3 Qa5 26. Qc4 Rd6 27. b4 Qb6 28. Nd1
Qb5 29. Ne3 Qxc4 30. Nxc4 Rd4 31. Rc3 Rd2 32. Ne5 Rfd8 33. h3 g5 34. Ra3 gxf4
35. Ng6 e5 36. Ra5 Rd1 37. Kg1 e3 38. Rxe5 Bxe5 39. Nxe5 e2 40. Re1 Rxe1+ 41.
Kf2 Ra1 42. Nf3 e1=Q+ 43. Nxe1 Rd2+ 44. Kf1 Rdd1 0-1

[Event "AUTO-MASTER-830"]
[Site "http://www.queenalice.com/game.php?id=604974"]
[Date "2009.6.17"]
[Round "1"]
[White "cassy"]
[Black "Pershemia"]
[Result "0-1"]
[WhiteElo "2134"]
[BlackElo "2192"]

1. d4 Nf6 2. Nf3 e6 3. e3 c5 4. Bd3 Nc6 5. c3 b6 6. O-O Bb7 7. Nbd2 Be7 8. e4
cxd4 9. cxd4 Nb4 10. Bb1 Ba6 11. Re1 Rc8 12. Nb3 d5 13. e5 Ne4 14. a3 Nc6 15.
Bxe4 dxe4 16. Rxe4 O-O 17. Re1 Bc4 18. Be3 Bd5 19. Qd3 Bxf3 20. gxf3 Nxe5 21.
Qe4 Nc4 22. Qg4 f5 23. Qg2 Rf6 24. Kh1 Rg6 25. Qh3 Nxe3 26. fxe3 Bd6 27. f4 Bxf4
28. Qf3 Bxh2 29. Kxh2 Qh4+ 0-1

[Event "AUTO-MASTER-830"]
[Site "http://www.queenalice.com/game.php?id=604975"]
[Date "2009.6.17"]
[Round "1"]
[White "Pershemia"]
[Black "cassy"]
[Result "1-0"]
[WhiteElo "2182"]
[BlackElo "2124"]

1. d4 d5 2. c4 e6 3. Nf3 Nf6 4. Nc3 c6 5. Bg5 h6 6. Bxf6 Qxf6 7. e3 Nd7 8. Bd3
dxc4 9. Bxc4 g6 10. O-O Bg7 11. Rc1 O-O 12. b4 Rd8 13. Qb3 Nb6 14. Bd3 Nd5 15.
b5 Bd7 16. Nxd5 exd5 17. Ne5 Be8 18. f4 cxb5 19. Bxb5 Qd6 20. Bxe8 Rxe8 21. Qxb7
Qa3 22. Qxf7+ Kh7 23. Rc7 Qxe3+ 24. Kh1 Rg8 25. Qxg6+ 1-0

[Event "AUTO-MASTER-830"]
[Site "http://www.queenalice.com/game.php?id=604986"]
[Date "2009.6.17"]
[Round "1"]
[White "zicze"]
[Black "Pershemia"]
[Result "1/2-1/2"]
[WhiteElo "2148"]
[BlackElo "2202"]

1. e4 c5 2. Nf3 e6 3. d4 cxd4 4. Nxd4 a6 5. Nc3 Qc7 6. Be2 Nc6 7. Be3 Nf6 8. O-O
Bb4 9. Nxc6 bxc6 10. Na4 O-O 11. f4 Be7 12. Bd3 c5 13. c4 d6 14. Nc3 Bb7 15. g4
d5 16. exd5 exd5 17. cxd5 c4 18. g5 cxd3 19. gxf6 Bxf6 20. Qxd3 Rfd8 21. Bd4
Bxd4+ 22. Qxd4 Rd6 23. Rf2 Rad8 24. Rd1 Bxd5 25. Nxd5 Rxd5 26. Qxd5 Rxd5 27.
Rxd5 h6 1/2-1/2

[Event "AUTO-MASTER-830"]
[Site "http://www.queenalice.com/game.php?id=604987"]
[Date "2009.6.17"]
[Round "1"]
[White "Pershemia"]
[Black "zicze"]
[Result "1-0"]
[WhiteElo "2200"]
[BlackElo "2183"]

1. d4 Nf6 2. Bg5 h6 3. Bh4 d6 4. Nf3 Bf5 5. e3 Nbd7 6. Nc3 g5 7. Bg3 Bg7 8. Bd3
Bg4 9. h3 Bh5 10. Bh2 c5 11. g4 Bg6 12. Bxg6 fxg6 13. Qd3 Kf7 14. O-O-O Rc8 15.
Qc4+ Kf8 16. Ne5 Qe8 17. Nxd7+ Nxd7 18. Qd5 Rc6 19. f4 Bf6 20. Qb3 Qc8 21. Nd5
c4 22. Qc3 Ra6 23. a3 Kg7 24. e4 gxf4 25. Bxf4 Bh4 26. Bg3 Bxg3 27. Qxg3 Nb6 28.
h4 Nxd5 29. exd5 c3 30. Rde1 cxb2+ 31. Kb1 Qe8 32. h5 g5 33. Re6 Rf8 34. Rhe1
Rf7 35. Qd3 Qd7 36. Rxh6 1-0

[Event "AUTO-MASTER-830"]
[Site "http://www.queenalice.com/game.php?id=604994"]
[Date "2009.6.17"]
[Round "1"]
[White "Pershemia"]
[Black "arsen387"]
[Result "1-0"]
[WhiteElo "2222"]
[BlackElo "2129"]

1. d4 Nf6 2. Nf3 g6 3. Bf4 Bg7 4. e3 d6 5. Be2 O-O 6. O-O Nbd7 7. h3 Ne4 8. Bh2
e5 9. Nbd2 Nxd2 10. Qxd2 e4 11. Ne1 Qg5 12. a4 a5 13. c4 f5 14. Nc2 Nf6 15. c5
Ne8 16. b4 Be6 17. cxd6 Nxd6 18. bxa5 f4 19. Bxf4 Qxa5 20. Qxa5 Rxa5 21. Rfb1
Ra7 22. Bxd6 cxd6 23. Rb6 Rc8 24. Nb4 Bb3 25. Bd1 Bxd1 26. Rxd1 Bf8 27. Nd5 Rc6
28. Rb4 Ra5 29. Nf6+ Kf7 30. Nxe4 h6 31. Rxb7+ Ke6 32. Nc5+ Kd5 33. e4+ 1-0

[Event "AUTO-MASTER-830"]
[Site "http://www.queenalice.com/game.php?id=604995"]
[Date "2009.6.17"]
[Round "1"]
[White "arsen387"]
[Black "Pershemia"]
[Result "0-1"]
[WhiteElo "2166"]
[BlackElo "2211"]

1. e4 c5 2. Nf3 d6 3. d4 cxd4 4. Nxd4 Nf6 5. Nc3 e6 6. g4 a6 7. g5 Nfd7 8. Bc4
Ne5 9. Bb3 Nbc6 10. Nxc6 Nxc6 11. Be3 b5 12. f4 h6 13. g6 Qh4+ 14. Bf2 Qxf4 15.
Rf1 fxg6 16. Bg3 Qe3+ 17. Qe2 Qxe2+ 18. Nxe2 Na5 19. Nf4 Nxb3 20. axb3 Rg8 21.
Nxg6 e5 22. O-O-O Be7 23. Rf2 Bb7 24. Rfd2 Bg5 25. Bh4 Bxd2+ 26. Rxd2 Bxe4 27.
Rxd6 Bxg6 28. Rxg6 Kf7 29. Rd6 e4 30. Rd7+ Ke6 0-1

[Event "AUTO-MASTER-830"]
[Site "http://www.queenalice.com/game.php?id=698955"]
[Date "2009.12.16"]
[Round "2"]
[White "Nobre"]
[Black "Pershemia"]
[Result "0-1"]
[WhiteElo "2485"]
[BlackElo "2245"]

1. d4 Nf6 2. Bg5 Ne4 3. Bh4 d5 4. f3 Nf6 5. Nc3 Bf5 6. e4 dxe4 7. Bxf6 exf6 8.
fxe4 Bg6 9. Nf3 Bb4 10. Bb5+ Nd7 11. O-O c6 12. Bc4 O-O 13. Qd3 Qe7 14. Rae1
Rfd8 15. Qe2 a5 16. a4 Rac8 17. Bb3 Nb6 18. h3 Re8 19. Qf2 c5 20. Nd5 Nxd5 21.
exd5 Bxe1 22. Rxe1 Qd7 23. dxc5 Rxe1+ 24. Nxe1 h6 25. Nd3 Kf8 26. Qd4 Bxd3 27.
Qxd3 f5 28. Qc4 Qc7 29. c6 bxc6 30. Qc5+ Qe7 31. d6 Qe1+ 32. Kh2 Rd8 33. Qxf5 f6
34. Qg6 Qe8 35. Qh7 Qe5+ 36. Kg1 Rxd6 37. Qg8+ Ke7 38. Qxg7+ Kd8 39. Qxh6 Rd1+
40. Kf2 Qd4+ 0-1

[Event "AUTO-MASTER-830"]
[Site "http://www.queenalice.com/game.php?id=698956"]
[Date "2009.12.16"]
[Round "2"]
[White "Pershemia"]
[Black "Nobre"]
[Result "1/2-1/2"]
[WhiteElo "2239"]
[BlackElo "2448"]

1. d4 Nf6 2. c4 c5 3. Nf3 cxd4 4. Nxd4 e6 5. Nc3 Bb4 6. g3 O-O 7. Bg2 d5 8. O-O
dxc4 9. Qa4 Qe7 10. Bg5 Nbd7 11. Ne4 Nb6 12. Qb5 Bd7 13. Qe5 Nbd5 14. Nc2 Bc5
15. Nxc5 Qxc5 16. Bxf6 gxf6 17. Qh5 Rac8 18. Qg4+ Kh8 19. Bxd5 f5 20. Qh4 exd5
21. Qf6+ Kg8 22. Qg5+ 1/2-1/2

[Event "AUTO-ELITE-538"]
[Site "http://www.queenalice.com/game.php?id=767881"]
[Date "2010.4.28"]
[Round "1"]
[White "Pershemia"]
[Black "cheleazul"]
[Result "1-0"]
[WhiteElo "2305"]
[BlackElo "2232"]

1. d4 Nf6 2. c4 e6 3. Nf3 b6 4. g3 Bb7 5. Bg2 c5 6. d5 exd5 7. Nh4 g6 8. Nc3 Bg7
9. O-O O-O 10. Bg5 Re8 11. Nxd5 Bxd5 12. Bxd5 Nc6 13. e3 Rb8 14. Rb1 b5 15. cxb5
Rxb5 16. Ng2 Qc7 17. Bxf6 Bxf6 18. Nf4 Rbb8 19. Rc1 Ne7 20. Qf3 d6 21. Rfd1 Qc8
22. b3 Nxd5 23. Nxd5 Bg7 24. Qf4 Qd8 25. b4 Be5 26. Qf3 Qc8 27. a3 Kg7 28. Qe2
Qc6 29. f4 Bf6 30. Qc4 Re6 31. g4 1-0

[Event "AUTO-ELITE-538"]
[Site "http://www.queenalice.com/game.php?id=767882"]
[Date "2010.4.28"]
[Round "1"]
[White "cheleazul"]
[Black "Pershemia"]
[Result "0-1"]
[WhiteElo "2380"]
[BlackElo "2290"]

1. e4 c5 2. Nf3 Nc6 3. Nc3 d6 4. Bc4 Nf6 5. O-O g6 6. d4 cxd4 7. Nxd4 Bd7 8.
Nxc6 bxc6 9. Be3 Bg7 10. f3 Qa5 11. Qd2 O-O 12. Rab1 Rfd8 13. b3 Ne8 14. b4 Qc7
15. Ba6 d5 16. exd5 Be6 17. Bc5 cxd5 18. a4 d4 19. Ne4 Nf6 20. Rfe1 Nd5 21. Bc4
Nf4 22. Bb5 Bd5 23. Bxe7 Nh3+ 24. gxh3 Qxe7 25. Qg5 Qxg5+ 26. Nxg5 h6 27. Ne4
Rac8 28. Bd3 f5 29. Nd2 Bf6 0-1

[Event "AUTO-ELITE-538"]
[Site "http://www.queenalice.com/game.php?id=767883"]
[Date "2010.4.28"]
[Round "1"]
[White "Pershemia"]
[Black "PunditJi"]
[Result "0-1"]
[WhiteElo "2258"]
[BlackElo "2483"]

1. d4 d5 2. c4 c6 3. Nf3 Nf6 4. Nc3 e6 5. Bg5 Nbd7 6. cxd5 exd5 7. e3 Qa5 8. Nd2
Bd6 9. Bd3 O-O 10. a3 Re8 11. b4 Qc7 12. Rc1 Qb8 13. Bh4 a5 14. Bg3 axb4 15.
axb4 b5 16. Ne2 Ra3 17. Qc2 g6 18. O-O Bxg3 19. Nxg3 Qd6 20. Rb1 Nb6 21. Nb3 Bd7
22. Nc5 Rea8 23. Rb3 R3a7 24. Rc3 Bc8 25. Rb1 Nc4 26. Qd1 h5 27. Bxc4 bxc4 28.
e4 h4 29. e5 Qd8 30. Ne2 Bf5 31. Rbc1 Ne4 32. Re3 Qg5 33. Qf1 Nxc5 34. bxc5 Rb8
35. f4 Qh5 36. Nc3 h3 37. Qf2 hxg2 38. Qxg2 Kg7 39. Rce1 Qh4 40. Qf2 Qxf2+ 41.
Kxf2 Rb3 42. Rf1 Bd3 43. Rc1 Rb2+ 44. Kg3 Ra3 45. Nd1 Rd2 46. Nf2 Rb3 47. Rd1
Re2 48. Rexd3 cxd3 49. Kf3 Kh6 50. Rg1 Ra3 51. h3 Ra4 52. Nxd3 Re4 53. Kg4 Raxd4
54. Rg3 g5 55. Rf3 gxf4 0-1

[Event "AUTO-ELITE-538"]
[Site "http://www.queenalice.com/game.php?id=767884"]
[Date "2010.4.28"]
[Round "1"]
[White "PunditJi"]
[Black "Pershemia"]
[Result "1-0"]
[WhiteElo "2475"]
[BlackElo "2264"]

1. e4 c5 2. Nf3 Nc6 3. Nc3 g6 4. Bc4 Bg7 5. O-O Ne5 6. Nxe5 Bxe5 7. f4 Bg7 8.
Qf3 d6 9. a4 Bd7 10. d3 Bc6 11. f5 Nf6 12. Qg3 Qd7 13. Be3 Rf8 14. a5 Bh8 15.
fxg6 hxg6 16. Bh6 Rg8 17. Qh4 d5 18. exd5 Nxd5 19. Rae1 Bd4+ 20. Kh1 Bxc3 21.
bxc3 Rh8 22. Qg5 Qd6 23. Rf2 b5 24. Bb3 b4 25. cxb4 cxb4 26. h3 a6 27. Rf3 e6
28. Kg1 Qe7 29. Qd2 Rh7 30. Rf2 Qc5 31. Re4 Qxa5 32. Bg5 Rb8 33. Qe1 Qc5 34. Rc4
Qd6 35. Qa1 Rb6 36. Bd2 Kf8 37. Rg4 Kg8 38. Bxd5 Bxd5 39. Qf6 Qb8 40. Bh6 Rxh6
41. Qxf7+ Kh8 42. Qf6+ 1-0

[Event "AUTO-ELITE-578"]
[Site "http://www.queenalice.com/game.php?id=798167"]
[Date "2010.7.3"]
[Round "1"]
[White "Nobre"]
[Black "Pershemia"]
[Result "0-1"]
[WhiteElo "2481"]
[BlackElo "2253"]

1. d4 e6 2. c4 f5 3. Nc3 Nf6 4. g3 Bb4 5. Bg2 Bxc3+ 6. bxc3 O-O 7. Nh3 d6 8. O-O
Nc6 9. Bg5 Qe8 10. Bxf6 Rxf6 11. Rb1 e5 12. c5 b6 13. cxd6 cxd6 14. e3 Bd7 15.
Qe2 Rc8 0-1

[Event "AUTO-ELITE-578"]
[Site "http://www.queenalice.com/game.php?id=798168"]
[Date "2010.7.3"]
[Round "1"]
[White "Pershemia"]
[Black "Nobre"]
[Result "1-0"]
[WhiteElo "2272"]
[BlackElo "2468"]

1. d4 d5 2. Nf3 Nf6 3. c4 c6 4. Nc3 a6 5. c5 Bg4 6. Qb3 Ra7 7. Ne5 Bf5 8. Bf4
Nbd7 9. e3 g6 10. Be2 Bg7 11. O-O-O Nxe5 12. Bxe5 O-O 13. f3 1-0

[Event "AUTO-ELITE-578"]
[Site "http://www.queenalice.com/game.php?id=798175"]
[Date "2010.7.3"]
[Round "1"]
[White "Pershemia"]
[Black "iamtherealtylerdurden"]
[Result "0-1"]
[WhiteElo "2323"]
[BlackElo "2519"]

1. d4 Nf6 2. Nf3 e6 3. c4 Nc6 4. a3 d6 5. Nc3 g6 6. e4 Bg7 7. Be2 O-O 8. O-O Re8
9. d5 exd5 10. cxd5 Nb8 11. Qc2 c6 12. dxc6 Nxc6 13. Rd1 Qe7 14. Bg5 h6 15. Bxf6
Qxf6 16. Nd5 Qd8 17. Rac1 Be6 18. b4 Rc8 19. Qd2 Bxd5 20. Qxd5 Bb2 21. Rc2 Bxa3
22. Qb3 Bxb4 23. Rxc6 bxc6 24. Qxb4 Qe7 25. Qc3 Qxe4 26. Ba6 Rb8 27. Bf1 Red8
28. Re1 Qd5 29. Qc1 Kh7 30. Re7 Rb4 31. Qa1 Rdb8 32. Qxa7 Kg8 33. Qe3 h5 34. Nd2
Qd4 35. Rc7 c5 36. Rd7 Qd5 37. Re7 R4b7 38. Re8+ Rxe8 39. Qxe8+ Kg7 40. Qa8 Qc6
41. Nc4 Rc7 42. Qa1+ Kh7 43. h3 d5 44. Ne3 Qd6 45. Qa5 Rb7 46. Qa8 Rd7 47. Bb5
Rd8 48. Qa7 Kg7 49. Bf1 Rd7 50. Qa3 c4 51. Qb2+ f6 52. Qd4 Qe5 53. Qb6 c3 54.
Bd3 d4 55. Nc2 f5 56. Qa6 h4 57. Qb6 Kh7 58. Qb1 Qf4 59. Qb4 Qe5 60. Qb6 Kg7 61.
Qb3 Qc5 62. Qb1 Qd6 63. Ne1 Ra7 64. Nf3 Qf4 65. Qe1 Kh7 66. Bc2 Kg7 67. Bd3 Kh7
68. Bc2 Kh6 69. Qb1 Kg7 0-1

[Event "AUTO-ELITE-578"]
[Site "http://www.queenalice.com/game.php?id=798176"]
[Date "2010.7.3"]
[Round "1"]
[White "iamtherealtylerdurden"]
[Black "Pershemia"]
[Result "1-0"]
[WhiteElo "2523"]
[BlackElo "2317"]

1. c4 Nf6 2. g3 e5 3. Bg2 c6 4. d4 exd4 5. Qxd4 d5 6. Nf3 dxc4 7. Qxd8+ Kxd8 8.
O-O Be6 9. Ng5 Bd6 10. Nd2 Re8 11. Nxe6+ Rxe6 12. Nxc4 Bc7 13. Rd1+ Nbd7 14. Kf1
Ke8 15. Bh3 Re4 16. b3 Nb6 17. Bf5 Re7 18. Ba3 Nxc4 19. Bxe7 Ne3+ 20. fxe3 Kxe7
21. Rd3 g6 22. Bh3 h5 23. Rc1 h4 24. Kg2 hxg3 25. hxg3 Bd6 26. Rc4 a5 27. Rh4 b5
28. Kf3 Be5 29. Rd1 c5 30. Rc1 Kd6 31. Kf2 Ra7 32. Rd1+ Ke7 33. Bg2 a4 34. Bf3
a3 35. Rhh1 Rc7 36. g4 g5 37. Rd3 Bb2 38. Rd2 b4 39. Rc2 c4 40. bxc4 Bc3 41. Kg2
Rxc4 42. e4 Nxe4 43. Rh5 Kf6 44. e3 Nd2 45. Rh6+ Ke7 46. Ra6 Rc5 47. Kf2 Nc4 48.
Be2 Ne5 49. Ra7+ Kf8 50. Rc1 Nc6 51. Ra6 Kg7 52. Kg2 Ne5 53. Ra8 Ng6 54. Ra7 Re5
55. Bc4 Rxe3 56. Rxf7+ Kh6 57. Rh1+ Nh4+ 58. Kf2 Bd4 59. Kf1 Kg6 60. Rb7 Bc3 61.
Rh2 Nf3 62. Bf7+ Kf6 63. Re2 Rxe2 64. Kxe2 Ne5 65. Bh5 Ke6 66. Rb5 Kd6 67. Kd1
Nf3 68. Bf7 Ne5 69. Bb3 1-0

[Event "AUTO-ELITE-626"]
[Site "http://www.queenalice.com/game.php?id=831954"]
[Date "2010.9.12"]
[Round "1"]
[White "Pershemia"]
[Black "hjs"]
[Result "0-1"]
[WhiteElo "2332"]
[BlackElo "2443"]

1. d4 d5 2. e3 Nf6 3. Nf3 Bf5 4. Bd3 e6 5. Bxf5 exf5 6. Qd3 Qc8 7. Qe2 Bd6 8. b3
O-O 9. c4 c5 10. dxc5 Qxc5 11. O-O Nc6 12. Ba3 Nb4 13. Nbd2 f4 14. e4 Rfe8 15.
cxd5 Qxd5 16. Rad1 Bc5 17. Bxb4 Bxb4 18. e5 Rad8 19. Nc4 Qe4 20. Qb2 Nd5 21. a3
Bc5 22. h3 Nb6 23. Na5 Be7 24. Rfe1 Rxd1 25. Rxd1 Rc8 26. b4 Rc7 27. Rc1 Rd7 28.
Re1 Qd5 29. Qc1 Qa2 30. Re4 g5 31. Rd4 Qe6 32. Rxd7 Qxd7 33. Qe1 h5 34. Qe4 Nd5
35. Qd3 Qe6 36. Nb3 g4 37. Nbd4 Qg6 38. Ne1 b6 39. Ne2 Qxd3 40. Nxd3 Bg5 41. f3
g3 42. a4 a6 43. h4 Bh6 44. b5 axb5 45. axb5 Kg7 46. Nd4 Kg6 47. Ne2 Kf5 0-1

[Event "AUTO-ELITE-626"]
[Site "http://www.queenalice.com/game.php?id=831955"]
[Date "2010.9.12"]
[Round "1"]
[White "hjs"]
[Black "Pershemia"]
[Result "1-0"]
[WhiteElo "2446"]
[BlackElo "2341"]

1. d4 Nf6 2. c4 e6 3. Nf3 c5 4. d5 exd5 5. cxd5 g6 6. Nc3 Bg7 7. e4 d6 8. Bg5 h6
9. Bh4 a6 10. a4 g5 11. Bg3 Nh5 12. Nd2 Nxg3 13. hxg3 Nd7 14. Nc4 Ne5 15. Ne3
Qe7 16. Be2 Ng6 17. Qc2 Bd4 18. Ncd1 Bd7 19. Nc4 Rd8 20. Ra3 g4 21. Nde3 h5 22.
Nb6 Qf6 23. Rb3 Qg5 24. a5 h4 25. Nxd7 Bxe3 26. Bxg4 Bd4 27. Bf5 Rxd7 28. Bxd7+
Kxd7 29. Rxb7+ Ke8 30. Qd2 Bxf2+ 31. Qxf2 Ne5 32. Kd1 Qd8 33. Rxh4 Rxh4 34. gxh4
Qxa5 35. Rb8+ Ke7 36. Qf5 1-0

[Event "AUTO-ELITE-626"]
[Site "http://www.queenalice.com/game.php?id=831956"]
[Date "2010.9.12"]
[Round "1"]
[White "Pershemia"]
[Black "LuizFernandes"]
[Result "1-0"]
[WhiteElo "2329"]
[BlackElo "2322"]

1. d4 Nf6 2. Nf3 e6 3. c4 c5 4. Nc3 cxd4 5. Nxd4 Bc5 6. e3 d5 7. a3 Nc6 8. Nxc6
bxc6 9. b4 Bb6 10. Bb2 Ba6 11. Qa4 Bb7 12. c5 Bc7 13. b5 Rb8 14. Qxa7 Qc8 15.
Qa4 1-0